[Event "POR-chT"]
[Site "Porto"]
[Date "2015.08.21"]
[Round "8.3"]
[White "Castro, Francisco Manuel Fe"]
[Black "Correia, Jorge Paulo Cardoso"]
[Result "0-1"]
[WhiteElo "2117"]
[BlackElo "1770"]
[PlyCount "60"]
[EventDate "2015.08.16"]
[EventType "team-tourn"]
[EventRounds "9"]
[EventCountry "POR"]
[SourceTitle "EXT 2016"]
[Source "ChessBase"]
[SourceDate "2015.10.08"]
[SourceVersion "1"]
[SourceVersionDate "2015.10.08"]
[SourceQuality "1"]
[WhiteTeam "S Joao da Madeira"]
[BlackTeam "Santoantoniense"]
[WhiteTeamCountry "POR"]
[BlackTeamCountry "POR"]

1. e4 c5 2. Nf3 Nc6 3. Nc3 a6 4. d4 cxd4 5. Nxd4 d6 6. Bc4 Nf6 7. Nxc6 bxc6 8. e5 d5 9. exf6 dxc4 10. Qxd8+ Kxd8 11. fxe7+ Bxe7 12. Bf4 Be6 13. 0-0-0+ Kc8 14. Be5 Kb7 15. Ne4 Bd5 16. Rhe1 Rhe8 17. f3 f6 18. Bd6 Bxe4 19. Rxe4 Bxd6 20. Rxd6 Rxe4 21. fxe4 Kc7 22. Rd4 c3 23. bxc3 Re8 24. Ra4 Kb6 25. Kd2 c5 26. Kd3 Kb5 27. Ra3 c4+ 28. Kd4 Rd8+ 29. Ke3 Rd1 30. Ke2 Rc1 0-1

[Event "POR-chT"]
[Site "Porto"]
[Date "2015.08.19"]
[Round "6.4"]
[White "Ferreira, Paulo"]
[Black "Correia, Jorge Paulo Cardoso"]
[Result "1-0"]
[WhiteElo "2040"]
[BlackElo "1770"]
[PlyCount "91"]
[EventDate "2015.08.16"]
[EventType "team-tourn"]
[EventRounds "9"]
[EventCountry "POR"]
[SourceTitle "EXT 2016"]
[Source "ChessBase"]
[SourceDate "2015.10.08"]
[SourceVersion "1"]
[SourceVersionDate "2015.10.08"]
[SourceQuality "1"]
[WhiteTeam "Porto"]
[BlackTeam "Santoantoniense"]
[WhiteTeamCountry "POR"]
[BlackTeamCountry "POR"]

1. d4 Nf6 2. c4 g6 3. Nc3 Bg7 4. e4 d6 5. f3 c6 6. Be3 0-0 7. Bd3 e5 8. d5 cxd5 9. cxd5 Nh5 10. Nge2 f5 11. Qd2 f4 12. Bf2 g5 13. g4 Nf6 14. h3 Bd7 15. Nc1 Qe8 16. b4 h5 17. Nb3 hxg4 18. hxg4 Qg6 19. Na5 b6 20. Nc4 Nxg4 21. fxg4 Bxg4 22. Rg1 Bh3 23. Nb5 Nd7 24. Nc7 Rac8 25. Ne6 Bxe6 26. dxe6 Qxe6 27. Nxd6 Rc6 28. Nf5 Rxf5 29. exf5 Qf6 30. Be4 Rd6 31. Qc2 Qe7 32. Qc8+ Kf7 33. Qc4+ Kf8 34. Rd1 Rxd1+ 35. Kxd1 Nf6 36. Kc2 Nxe4 37. Qxe4 Qc7+ 38. Kb2 Qd6 39. Rc1 Kg8 40. Rc8+ Bf8 41. Be1 g4 42. Bc3 Qd7 43. Rc6 Bg7 44. f6 f3 45. Qg6 f2 46. Rc8+ 1-0

[Event "POR-chT"]
[Site "Porto"]
[Date "2015.08.16"]
[Round "1.2"]
[White "Ulyanovskyy, Vladimir Viktorovic"]
[Black "Correia, Jorge Paulo Cardoso"]
[Result "1-0"]
[WhiteElo "2112"]
[BlackElo "1770"]
[PlyCount "82"]
[EventDate "2015.08.16"]
[EventType "team-tourn"]
[EventRounds "9"]
[EventCountry "POR"]
[SourceTitle "EXT 2016"]
[Source "ChessBase"]
[SourceDate "2015.10.08"]
[SourceVersion "1"]
[SourceVersionDate "2015.10.08"]
[SourceQuality "1"]
[WhiteTeam "Barreirense"]
[BlackTeam "Santoantoniense"]
[WhiteTeamCountry "POR"]
[BlackTeamCountry "POR"]

1. e4 c5 2. Nf3 Nc6 3. c4 d6 4. d4 cxd4 5. Nxd4 Nf6 6. Nc3 e5 7. Nc2 Be6 8. Be2 Be7 9. 0-0 0-0 10. f3 Nh5 11. Nd5 Bg5 12. Kh1 Bxc1 13. Rxc1 Qh4 14. Qe1 Qxe1 15. Rfxe1 Bxd5 16. cxd5 Ne7 17. Na3 Nf4 18. Bf1 Rac8 19. g3 Nfg6 20. Bh3 Rxc1 21. Rxc1 f5 22. Kg2 Rc8 23. Rxc8+ Nxc8 24. Bxf5 Nge7 25. Be6+ Kf8 26. f4 exf4 27. gxf4 g5 28. fxg5 Kg7 29. Kg3 h6 30. Kg4 Kg6 31. gxh6 Kxh6 32. Bxc8 Nxc8 33. Kf5 Kh5 34. Ke6 Kg5 35. Kd7 Kf4 36. Kxc8 Kxe4 37. Nc4 Kxd5 38. Nxd6 Kxd6 39. Kxb7 a5 40. Kb6 a4 41. Kb5 Kd5 1-0

[Event "Lisbon Check Mate op 3rd"]
[Site "Lisbon"]
[Date "2015.08.11"]
[Round "5"]
[White "Rodrigues, Luis Miguel Bernard"]
[Black "Correia, Jorge Paulo Cardoso"]
[Result "1/2-1/2"]
[WhiteElo "1882"]
[BlackElo "1770"]
[PlyCount "112"]
[EventDate "2015.08.08"]
[EventType "swiss"]
[EventRounds "7"]
[EventCountry "POR"]
[SourceTitle "EXT 2017"]
[Source "ChessBase"]
[SourceDate "2016.10.25"]
[SourceVersion "1"]
[SourceVersionDate "2016.10.25"]
[SourceQuality "1"]

1. e4 c5 2. Nc3 Nc6 3. f4 e6 4. Nf3 Nf6 5. e5 Nd5 6. Nxd5 exd5 7. d4 cxd4 8. Bd3 Be7 9. 0-0 d6 10. exd6 Qxd6 11. Ng5 Bxg5 12. fxg5 Be6 13. Bf4 Qd7 14. Bb5 0-0 15. Be5 Qd8 16. Bf6 Qb6 17. Bd3 Rfc8 18. Qh5 gxf6 19. Qh6 f5 20. g4 Ne7 21. Rae1 Rxc2 22. Qf6 Ng6 23. gxf5 Bxf5 24. Qxf5 Rc7 25. Qxd5 Rf8 26. Rf6 Rc5 27. Qg2 Qa5 28. Qf2 Rxg5+ 29. Kh1 Re5 30. Rf1 Qd5+ 31. Qf3 Qxf3+ 32. R1xf3 Re3 33. Bc4 Rxf3 34. Rxf3 Kg7 35. Rf5 f6 36. Rd5 Ne5 37. Rxd4 Nxc4 38. Rxc4 Rf7 39. Kg2 Kg6 40. Kf3 h5 41. Kf4 Rd7 42. Rc2 Rd4+ 43. Ke3 Rd7 44. Rg2+ Kf5 45. Rc2 Kg5 46. Rc4 h4 47. b4 f5 48. b5 h3 49. a4 Rg7 50. a5 Re7+ 51. Kf3 Re5 52. Rb4 Rc5 53. Rb3 f4 54. a6 b6 55. Rd3 Rc7 56. Rd5+ Kf6 1/2-1/2

[Event "POR-ch U16"]
[Site "Torres Vedras"]
[Date "2012.03.29"]
[Round "7.6"]
[White "Correia, Jorge Paulo Cardoso"]
[Black "Santos, Ricardo Alexandre L"]
[Result "0-1"]
[WhiteElo "1701"]
[BlackElo "1596"]
[PlyCount "61"]
[EventDate "2012.03.25"]
[EventType "swiss"]
[EventRounds "7"]
[EventCountry "POR"]
[SourceTitle "EXT 2015"]
[Source "ChessBase"]
[SourceDate "2014.11.20"]
[SourceVersion "1"]
[SourceVersionDate "2014.11.20"]
[SourceQuality "1"]

1. d4 d5 2. c4 e6 3. Nc3 Nf6 4. Bg5 Be7 5. Nf3 0-0 6. e3 Nbd7 7. Bd3 b6 8. cxd5 exd5 9. 0-0 c5 10. b3 Bb7 11. Rc1 Rc8 12. Qe2 Ne4 13. Bxe7 Nxc3 14. Rxc3 Qxe7 15. Rfc1 f5 16. Bb5 Bc6 17. Ba6 Rc7 18. Qd2 Rb8 19. Bd3 g6 20. a4 Rf8 21. h4 Qf6 22. g3 h6 23. Kh1 Kg7 24. Ra1 g5 25. Bf1 Rh8 26. Bg2 Qe6 27. Kg1 Bb7 28. dxc5 Kg6 29. Nd4 Nxc5 30. f4 Rhc8 31. h5+ 0-1

[Event "POR-ch qual"]
[Site "Amadora"]
[Date "2011.09.10"]
[Round "8"]
[White "Correia, Jorge Paulo Cardoso"]
[Black "Martins, Marta Sofia Cardoso"]
[Result "1-0"]
[WhiteElo "1689"]
[BlackElo "1603"]
[PlyCount "89"]
[EventDate "2011.09.03"]
[EventType "swiss"]
[EventRounds "9"]
[EventCountry "POR"]
[SourceTitle "CBM 144 Extra"]
[Source "ChessBase"]
[SourceDate "2011.10.28"]
[SourceVersion "1"]
[SourceVersionDate "2011.10.28"]
[SourceQuality "1"]

1. d4 d5 2. c4 e6 3. Nc3 Nf6 4. Bg5 Be7 5. Nf3 0-0 6. e3 b6 7. Bd3 dxc4 8. Bxc4 Bb7 9. 0-0 Nbd7 10. Rc1 c5 11. Qe2 h6 12. Bh4 Nh7 13. Bg3 Ng5 14. Nxg5 Bxg5 15. dxc5 Nxc5 16. Rfd1 Qf6 17. f3 Rfd8 18. Bd6 Rac8 19. f4 Bh4 20. Qg4 Nd7 21. Bf1 e5 22. g3 Bxg3 23. hxg3 exf4 24. exf4 g6 25. Bg2 Bxg2 26. Kxg2 Nf8 27. Bxf8 Kxf8 28. Rxd8+ Rxd8 29. Rd1 Rxd1 30. Qxd1 Qc6+ 31. Qd5 Qe8 32. Ne4 Qa4 33. Qd8+ Kg7 34. Qf6+ Kg8 35. Qd8+ Kg7 36. Qd5 Qc2+ 37. Kh3 Qe2 38. Nd6 Qf1+ 39. Kh4 g5+ 40. fxg5 h5 41. Qxf7+ Qxf7 42. Nxf7 Kxf7 43. Kxh5 Kg7 44. g6 a5 45. a4 1-0